000 00418nam a2200181Ia 4500
001 23999
005 20260414151014.0
008 260414t2008||||xx |||||||||||||| ||spa||
041 _aESP
082 _a745.2
_bS782
100 _aSudjic, Deyan
_eAUT
245 0 _aEl lenguaje de las cosas
_b
260 _c2008
300 _a198 páginas :
_c21 cm.
650 _aABD
654 _aCAU
942 _cLIB
_dJUS
_fJUS
_2ddc
_n
999 _c23999
_d23999